MARC

LEADER 00000nam2a2200000 4500
001 43172
005 20231031015844.0
035 |a (RuTPU)RU\TPU\book\44612 
090 |a 43172 
100 |a 20020930d1970 km y0rusy50 ca 
101 0 |a rus 
102 |a UA 
105 |a a g 001zy 
200 0 |a Ч. 1 
210 |d 1970 
215 |a 696 с.  |c ил. 
320 |a Библиография в конце глав. 
461 1 |0 (RuTPU)RU\TPU\book\61405  |t Справочник радиолюбителя  |o в 2 ч.  |f Р. М. Терещук, Р. М. Домбругов, Н. Д. Босый и др.  |v Ч. 1  |e 6-е изд., испр. и доп.  |d 1969- 
610 1 |a радиолюбительство 
610 1 |a электротехника 
610 1 |a радиотехника 
610 1 |a электрические материалы 
610 1 |a радиоматериалы 
610 1 |a конденсаторы 
610 1 |a резисторы 
610 1 |a катушки индуктивности 
610 1 |a трансформаторы 
610 1 |a дроссели 
610 1 |a электрические фильтры 
610 1 |a акустика 
610 1 |a электроакустика 
610 1 |a электронные приборы 
610 1 |a ионные приборы 
610 1 |a усилители звуковой частоты 
610 1 |a радиоприемные устройства 
610 1 |a любительские радиопередатчики 
610 1 |a справочники 
675 |a 621.396(035)  |v 3 
801 1 |a RU  |b 63413507  |c 20020930  |g PSBO 
801 2 |a RU  |b 63413507  |c 20200914  |g PSBO 
942 |c BK